| 000 | 00593ntaaa2200217 4500 | ||
|---|---|---|---|
| 003 | 01 | ||
| 005 | 20251027200719.0 | ||
| 008 | 0714s1973 ag 01 | ||
| 040 |
_aAR-BaBN _bspa _cAR-BaBN _eaacr _dRIC |
||
| 082 | _a781.72 G12c | ||
| 100 | _aGaiza, Violeta H. de | ||
| 245 |
_aCanten señores de América / _cVioleta H. de Gaiza, Guillermo Graetzer |
||
| 250 | _a1 ed. | ||
| 260 |
_aBuenos Aires : _bRicordi, _c1987 |
||
| 300 |
_a98 p ; _cmúsica, 28 cm. |
||
| 650 | _aMusica | ||
| 650 | _aCantos tradicionales | ||
| 650 | _aMusica-Folklore | ||
| 700 | _aGraetzer, Guillermo | ||
| 942 | _cBK | ||
| 999 |
_c1600 _d1600 |
||